=LDR 00000nam 2200000 4500 =001 INLIS000000000023041 =005 20130612121732 =008 ***********************************Ind** =035 ##$$0010-061300000023041 =041 ##$$a Ind =082 ##$$a 658.3 =090 ##$$a 658.3, Sed-d =100 ##$$a Sedarmayanti =245 ##$$a Dasar-dasar pengetahuan tentang manajemen perkantoran, Sedarmayanti =260 ##$$a 2001 $b Jakarta =300 ##$$a xvi, 324 hlm., ilus, 21 cm =650 ##$$a Manajemen personalia =850 ##$$a NBPNMAT =990 ##$$a 0001/BPAP-NTB/20142015 =990 ##$$a 1036097